书目信息 |
| 题名: |
十日谈
|
|
| 作者: | 薄迦丘 著 | |
| 分册: | ||
| 出版信息: | 南京 译林出版社 1996.02 |
|
| 页数: | 701页 | |
| 开本: | 32开 | |
| 丛书名: | ||
| 单 册: | ||
| 中图分类: | H319.4:I | |
| 科图分类: | ||
| 主题词: | 英语 | |
| 电子资源: | ||
| ISBN: | 7-80567-440-X | |
| 000 | 00528nam0 2200193 45 | |
| 001 | 0009141600 | |
| 005 | 20001019115100.1 | |
| 010 | @a7-80567-440-X@d21.00元 | |
| 100 | @a20000914d1996 km y0chiy0120 ea | |
| 101 | 0 | @achi |
| 105 | @a z 000yy | |
| 200 | 1 | @a十日谈@AShi Ri Tan@f(意大利)薄迦丘著@F(Yi Da Li)BoJia Qiu Zhu |
| 210 | @a南京@c译林出版社@d1996.02 | |
| 215 | @a701页@d32开 | |
| 606 | 0 | @a英语 |
| 690 | @aH319.4:I@v3 | |
| 701 | 0 | @a薄迦丘@4著 |
| 801 | @aCN@bPftUser@c20000914 | |
| 905 | @dH319.4:I@eB633@b178316-318@f3 | |
| 十日谈/(意大利)薄迦丘著.-南京:译林出版社,1996.02 |
| 701页;32开 |
| ISBN 7-80567-440-X:21.00元 |
| ● |
| 相关链接 |
|
|
|
正题名:十日谈
索取号:H319.4:I/B633
 
预约/预借
| 序号 | 登录号 | 条形码 | 馆藏地/架位号 | 状态 | 备注 |
| 1 | 178316 | 201783169 | 语言库209/209语言库 22排1列3层/ [索取号:H319.4:I/B633] | 在馆 | |
| 2 | 178317 | 201783178 | 语言库209/209语言库 22排1列3层/ [索取号:H319.4:I/B633] | 在馆 | |
| 3 | 178318 | 201783187 | 语言库209/209语言库 22排1列3层/ [索取号:H319.4:I/B633] | 在馆 |